Detalles MARC
| 000 -Cabecera |
| Campo de control de longitud fija |
01332nam a22004937a 4500 |
| 005 - Fecha y hora de la última transacción |
| Campo de control |
20250219161239.0 |
| 008 - Elementos de longitud fija--Información general |
| Campo de control de longitud fija |
150302b2021 xxu||||| |||| 00| 0 ES d |
| 020 ## - International Standard Book Number |
| Número Internacional Estándar del Libro (ISBN) |
9789587913217 |
| 041 ## - Idioma |
| Código de idioma |
Español |
| 082 ## - Clasificación Decimal Dewey |
| Número de clasificación |
R 614.1 P977d |
| 100 ## - Entrada principal--Autor personal |
| Nombre personal |
Puentes Torres, Luis Fernando |
| 245 ## - Título propiamente dicho |
| Título |
Diccionario técnico de ciencias forenses |
| 260 ## - Pie de imprenta |
| Lugar de publicación, distribución, etc. |
Colombia |
| 260 ## - Pie de imprenta |
| Nombre del editor, distribuidor, etc. |
Grupo Editorial Ibáñez |
| 260 ## - Pie de imprenta |
| Fecha de publicación, distribución, etc. |
2021 |
| 300 ## - Descripción física |
| Extensión |
807 páginas |
| 650 ## - Materia general |
| Temática (materia general) |
CIENCIAS FORENSES |
| 650 ## - Materia general |
| Temática (materia general) |
DICCIONARIOS |
| 650 ## - Materia general |
| Temática (materia general) |
TERMINOLOGÍA |
| 650 ## - Materia general |
| Temática (materia general) |
MEDICINA LEGAL |
| 650 ## - Materia general |
| Temática (materia general) |
INVESTIGACIÓN CRIMINAL |
| 650 ## - Materia general |
| Temática (materia general) |
ACÚSTICA FORENSE |
| 650 ## - Materia general |
| Temática (materia general) |
RESIDUOS DE DISPARO |
| 650 ## - Materia general |
| Temática (materia general) |
ANTROPOLOGÍA |
| 650 ## - Materia general |
| Temática (materia general) |
IDENTIFICACIÓN HUMANA |
| 650 ## - Materia general |
| Temática (materia general) |
AUTOMOTORES |
| 650 ## - Materia general |
| Temática (materia general) |
BALÍSTICA |
| 650 ## - Materia general |
| Temática (materia general) |
BIOLOGÍA FORENSE |
| 650 ## - Materia general |
| Temática (materia general) |
EXPLOSIVOS |
| 650 ## - Materia general |
| Temática (materia general) |
FOTOGRAFÍA FORENSE |
| 650 ## - Materia general |
| Temática (materia general) |
GENÉTICA FORENSE |
| 650 ## - Materia general |
| Temática (materia general) |
GRAFOLOGÍA FORENSE |
| 650 ## - Materia general |
| Temática (materia general) |
GRAFOTECNIA FORENSE |
| 650 ## - Materia general |
| Temática (materia general) |
IDENTIFICACIÓN DACTILAR |
| 650 ## - Materia general |
| Temática (materia general) |
INFORMÁTICA FORENSE |
| 650 ## - Materia general |
| Temática (materia general) |
INVESTIGACIÓN JUDICIAL |
| 650 ## - Materia general |
| Temática (materia general) |
ODONTOLOGÍA FORENSE |
| 650 ## - Materia general |
| Temática (materia general) |
QUÍMICA FORENSE |
| 650 ## - Materia general |
| Temática (materia general) |
FÍSICA FORENSE |
| 650 ## - Materia general |
| Temática (materia general) |
TOPOGRAFÍA |
| 650 ## - Materia general |
| Temática (materia general) |
INGENIERÍA CIVIL |
| 650 ## - Materia general |
| Temática (materia general) |
ARQUITECTURA |
| 942 ## - Punto de acceso adicional KOHA |
| Tipo de ítem KOHA |
Referencia |
| Fuente del sistema de clasificación o colocación |
Dewey Decimal Classification |